Country Shooting Gallery by Continent #2 - Statistics

General Stats
  • This quiz has been taken 112 times
  • The average score is 17 of 30
Answer Stats
country % Correct
Peru
80%
Guyana
76%
Paraguay
76%
Colombia
75%
Ecuador
75%
Samoa
73%
Tonga
72%
Solomon Islands
70%
Palau
67%
Panama
67%
Saint Vincent and the Grenadines
65%
Saint Kitts and Nevis
64%
Saint Lucia
64%
Denmark
58%
Nicaragua
57%
Croatia
55%
Niger
51%
Nigeria
51%
Papua New Guinea
51%
Bosnia and Herzegovina
44%
Czech Republic
43%
Namibia
41%
Mozambique
41%
Mongolia
40%
Bulgaria
39%
Nepal
38%
Malaysia
36%
Maldives
34%
Morocco
31%
North Korea
30%
No matching quizzes found
Score Distribution
Percent of People with Each Score
Percentile by Number Answered
Your Score History
You have not taken this quiz